000 01007cam a22003134a 4500
999 _c127823
_d127823
001 17147735
003 ARRUPE
005 20180328102106.0
008 120203s2007 enka 000 0 eng d
010 _a 2011410585
015 _aGBA740938
_2bnb
016 7 _a013755747
_2Uk
020 _a9780273712992 (pbk.)
020 _a0273712993 (pbk.)
035 _a(OCoLC)ocn258050017
040 _aUKM
_cUKM
_dAU@
_dOCLCQ
_dDLC
042 _aukblcatcopy
_alccopycat
050 0 0 _aBF637.P4
_bB58 2007
082 0 4 _a153.852
_222
100 1 _aBorg, James.
_941134
245 1 0 _aPersuasion :
_bthe art of influencing people /
_cJames Borg.
250 _a2nd ed.
260 _aHarlow :
_bPearson Prentice Hall,
_c2007.
300 _axv, 267 p. :
_bill. ;
_c22 cm.
500 _aPrevious ed.: 2004.
650 0 _aPersuasion (Psychology)
_941135
650 0 _aInfluence (Psychology)
_941136
906 _a7
_bcbc
_ccopycat
_d2
_encip
_f20
_gy-gencatlg
942 _2lcc
_cMONOGRAPH